000 00685cam a22002533a 4500
001 29228
003 PGUSA
005 20140828083631.0
008 090626s2009||||xxu|||||s|||||000 | eng d
040 _aPGUSA
_beng
042 _adc
050 4 _aPS
100 1 _aTyler, Royall,
_d1757-1826
245 1 4 _aThe Contrast
_h[electronic resource] /
_cRoyall Tyler
260 _bProject Gutenberg,
_c2009
506 _aPublic domain in the USA.
516 _aElectronic text
653 _aComedies
653 _aAmerican drama
700 1 _aMoses, Montrose Jonas,
_d1878-1934
830 0 _aProject Gutenberg
_v29228
856 4 0 _uhttp://www.gutenberg.org/ebooks/29228
942 _cEB
999 _c258483
_d258483